[Event "French Top 12 2013"]
[Site "Haguenau FRA"]
[Date "2013.05.30"]
[Round "1.2"]
[White "Rozentalis, Eduardas"]
[Black "Picard, Romain"]
[Result "1-0"]
[WhiteTitle "GM"]
[BlackTitle "IM"]
[WhiteElo "2611"]
[BlackElo "2342"]
[WhiteTeam "C.E. Strasbourg"]
[BlackTeam "Migne Echecs"]
[WhiteFideId "12800023"]
[BlackFideId "627216"]
[EventDate "2013.05.30"]

1. e4 e6 2. d4 d5 3. Nd2 Nf6 4. e5 Nfd7 5. Bd3 c5 6. c3 Nc6 7. Ne2 cxd4 8. cxd4
f6 9. exf6 Qxf6 10. Nf3 Bb4+ 11. Bd2 O-O 12. Bxb4 Nxb4 13. Bb1 e5 14. Qb3 Nc6
15. Qxd5+ Kh8 16. O-O exd4 17. Nexd4 Nde5 18. Nxe5 Nxe5 19. Bc2 Bg4 20. Rae1 Ng6
21. Ne6 Rfe8 22. Ng5 Rxe1 23. Rxe1 Rf8 24. f3 h6 25. Ne6 Ne7 26. Nxf8 1-0

[Event "French Top 12 2013"]
[Site "Haguenau FRA"]
[Date "2013.05.30"]
[Round "1.3"]
[White "Velikov, Petar"]
[Black "Vaisser, Anatoly"]
[Result "1/2-1/2"]
[WhiteTitle "GM"]
[BlackTitle "GM"]
[WhiteElo "2422"]
[BlackElo "2548"]
[WhiteTeam "Migne Echecs"]
[BlackTeam "C.E. Strasbourg"]
[WhiteFideId "2900149"]
[BlackFideId "603252"]
[EventDate "2013.05.30"]

1. Nf3 Nf6 2. g3 g6 3. Bg2 Bg7 4. c4 d6 5. O-O e5 6. Nc3 O-O 7. d3 Nbd7 8. Rb1
a5 9. a3 c6 10. b4 axb4 11. axb4 d5 12. cxd5 cxd5 13. Qb3 d4 14. Na4 b5 15. Nc5
Rb8 16. Nxd7 Nxd7 17. Bg5 Qe8 18. Bd2 Nb6 19. Ng5 Qe7 20. Rfc1 h6 21. Ne4 Be6
22. Qd1 Bd5 23. Ra1 f5 24. Nc5 Qf7 25. Ra5 Bxg2 26. Kxg2 Nd5 27. Qb3 e4 28. Rca1
Nf6 29. Qxf7+ Rxf7 30. Ra8 Rff8 31. Rxb8 Rxb8 32. Ra7 Re8 33. Kf1 Nd5 34. Ra6 e3
35. fxe3 dxe3 36. Be1 Kf7 37. Rd6 Nc7 38. h3 Be5 39. Rc6 Rd8 40. Nb7 Rd7 41. Na5
Ne6 42. Rc8 Rc7 43. Rxc7+ Nxc7 44. Nc6 Bf6 45. Kg2 Ke6 46. Kf3 Kd6 47. Na5 Nd5
48. g4 f4 49. h4 g5 50. hxg5 hxg5 51. Nb3 Bc3 52. Bxc3 Nxc3 53. Nd4 Kd5 54. Nc2
Nb1 55. Kg2 Nd2 56. Na3 f3+ 57. exf3 Kd4 58. Nxb5+ Kxd3 59. Na3 e2 60. Kf2 Nxf3
61. Nc2 Ne5 62. Ke1 Nxg4 63. b5 Ne5 64. b6 Nd7 65. b7 g4 66. Nb4+ Kc4 1/2-1/2

[Event "French Top 12 2013"]
[Site "Haguenau FRA"]
[Date "2013.05.30"]
[Round "1.4"]
[White "Doettling, Fabian"]
[Black "Saada, Julien"]
[Result "1-0"]
[WhiteTitle "GM"]
[BlackTitle "FM"]
[WhiteElo "2587"]
[BlackElo "2323"]
[WhiteTeam "C.E. Strasbourg"]
[BlackTeam "Migne Echecs"]
[WhiteFideId "4627253"]
[BlackFideId "625388"]
[EventDate "2013.05.30"]

1. d4 d5 2. c4 e6 3. Nf3 Nf6 4. Nc3 c6 5. Bg5 Nbd7 6. cxd5 exd5 7. e3 Be7 8. Qc2
O-O 9. Bd3 Re8 10. h3 Nf8 11. Bf4 Ng6 12. Bh2 Bd6 13. Bxd6 Qxd6 14. O-O-O b5 15.
Kb1 a5 16. g4 Be6 17. g5 Nd7 18. Rc1 Nb6 19. h4 Bg4 20. Nh2 Bh5 21. Ne2 Bxe2 22.
Bxe2 Nc4 23. h5 Nf8 24. Ka1 a4 25. Nf3 Reb8 26. Qf5 g6 27. hxg6 fxg6 28. Qc2 Ra7
29. Bd3 Rf7 30. Nh2 Qe6 31. Qe2 Nd7 32. Ng4 Re7 33. Rh3 Rb7 34. f4 c5 35. f5
gxf5 36. Bxf5 Qd6 37. Bxd7 cxd4 38. Nf6+ Kh8 39. Qd3 Rbxd7 40. Rch1 1-0

[Event "French Top 12 2013"]
[Site "Haguenau FRA"]
[Date "2013.05.30"]
[Round "1.5"]
[White "Bedouin, Xavier"]
[Black "Vitoux, Colomban"]
[Result "1-0"]
[WhiteTitle "IM"]
[BlackTitle "IM"]
[WhiteElo "2387"]
[BlackElo "2388"]
[WhiteTeam "Migne Echecs"]
[BlackTeam "C.E. Strasbourg"]
[WhiteFideId "617040"]
[BlackFideId "628549"]
[EventDate "2013.05.30"]

1. e4 c5 2. c3 e5 3. Nf3 Nc6 4. Bc4 Be7 5. O-O Nf6 6. d3 O-O 7. Nbd2 d5 8. exd5
Nxd5 9. h3 Nc7 10. a4 Bf5 11. Qc2 Na5 12. Nxe5 Nxc4 13. Ndxc4 f6 14. g4 Be6 15.
Nf3 h5 16. Nh2 Qd7 17. Re1 Rfe8 18. Bf4 Nd5 19. Bg3 h4 20. Bxh4 Nf4 21. Bg3
Nxh3+ 22. Kg2 Bxg4 23. Nxg4 Qxg4 24. Re4 Qd7 25. Qb3 Qxd3 26. Ne5+ c4 27. Nxd3
cxb3 28. Kxh3 Rad8 29. Rae1 Rxd3 30. Rxe7 Rxe7 31. Rxe7 b6 32. Re2 f5 33. Kg2
Rd5 34. Re5 Rd2 35. Rxf5 Rxb2 36. Rb5 Ra2 37. Rxb3 Rxa4 38. Be5 Ra5 39. Bd4 b5
40. Kf3 a6 41. Ke4 1-0

[Event "French Top 12 2013"]
[Site "Haguenau FRA"]
[Date "2013.05.30"]
[Round "1.6"]
[White "Roos, Louis"]
[Black "Pel, Bonno"]
[Result "0-1"]
[WhiteTitle "IM"]
[BlackTitle "FM"]
[WhiteElo "2373"]
[BlackElo "2280"]
[WhiteTeam "C.E. Strasbourg"]
[BlackTeam "Migne Echecs"]
[WhiteFideId "600288"]
[BlackFideId "1004760"]
[EventDate "2013.05.30"]

1. c4 g6 2. e4 Bg7 3. d4 d6 4. Nc3 e5 5. d5 f5 6. f3 Nf6 7. Bd3 O-O 8. Bg5 h6 9.
Be3 Na6 10. Nge2 c6 11. Qd2 Nc5 12. Bxc5 dxc5 13. Ng3 cxd5 14. Nxd5 Nxd5 15.
cxd5 Bd7 16. a4 a6 17. O-O Rc8 18. Rfc1 Rf7 19. a5 Bf6 20. Rc3 Bg5 21. Qf2 Qf8
22. Re1 Bh4 23. exf5 gxf5 24. Qc2 f4 25. Re4 Bd8 26. Ne2 Bxa5 27. Rxe5 Bxc3 28.
Nxc3 Qg7 29. Qe2 c4 30. Bc2 b5 31. d6 Kh8 32. Nd5 Rc5 33. Qe4 Bc6 34. d7 Bxd7
35. Rh5 Bc6 36. Qe6 Bxd5 37. Rxh6+ Kg8 38. Qe8+ Rf8 39. Qh5 Be4 40. Qxc5 Qxh6
41. Bxe4 Rd8 42. Bd5+ Kh8 43. g3 Qf6 44. gxf4 Qxf4 45. Be4 Qc1+ 46. Kg2 Rg8+ 47.
Kh3 Qh6+ 0-1

[Event "French Top 12 2013"]
[Site "Haguenau FRA"]
[Date "2013.05.30"]
[Round "1.7"]
[White "Tranchant, Sebastien"]
[Black "Roos, Jean-Luc"]
[Result "0-1"]
[BlackTitle "IM"]
[WhiteElo "2258"]
[BlackElo "2256"]
[WhiteTeam "Migne Echecs"]
[BlackTeam "C.E. Strasbourg"]
[WhiteFideId "626732"]
[BlackFideId "600601"]
[EventDate "2013.05.30"]

1. d4 d5 2. c4 e6 3. Nc3 Be7 4. cxd5 exd5 5. Bf4 Nf6 6. e3 Bf5 7. Qb3 Qc8 8. Nf3
Nc6 9. Rc1 O-O 10. Be2 a6 11. O-O Na5 12. Qa4 Nc6 13. Qb3 Na5 14. Qd1 Qd8 15.
Na4 Bd6 16. Ne5 Nd7 17. Nxd7 Qxd7 18. Nc5 Qe7 19. Bxd6 cxd6 20. Na4 Qd8 21. Nc3
Be6 22. e4 b5 23. exd5 Bf5 24. Qd2 Qd7 25. Nd1 Nb7 26. Qf4 Rfc8 27. Ne3 Rxc1 28.
Rxc1 Bg6 29. Rc6 Qe7 30. h4 f6 31. Bf3 Be8 32. Rc1 g6 33. h5 Nd8 34. hxg6 hxg6
35. Qh4 Nf7 36. g3 Kg7 37. Qe4 Qd8 38. Bg2 Bd7 39. Qd3 Qb6 40. b3 Re8 41. g4 Rh8
42. Be4 Rh6 43. Kg2 Ng5 44. Bf3 Qd8 45. Nf1 f5 46. gxf5 Bxf5 47. Qc3 Bh3+ 0-1

[Event "French Top 12 2013"]
[Site "Haguenau FRA"]
[Date "2013.05.30"]
[Round "1.8"]
[White "Nicoara, Malina"]
[Black "Le Bail, Clara"]
[Result "1-0"]
[WhiteTitle "WIM"]
[WhiteElo "2117"]
[BlackElo "1969"]
[WhiteTeam "C.E. Strasbourg"]
[BlackTeam "Migne Echecs"]
[WhiteFideId "604631"]
[BlackFideId "648167"]
[EventDate "2013.05.30"]

1. d4 Nf6 2. c4 g6 3. Nc3 d5 4. Nf3 Bg7 5. Bg5 Ne4 6. cxd5 Nxg5 7. Nxg5 O-O 8.
Nf3 c6 9. dxc6 Nxc6 10. e3 e5 11. dxe5 Nxe5 12. Be2 Nxf3+ 13. Bxf3 Be6 14. O-O
Qa5 15. Rc1 Rab8 16. a3 Rfc8 17. Qd2 Rd8 18. Qe2 b5 19. Rfd1 Rdc8 20. Nd5 Rxc1
21. Rxc1 Rd8 22. e4 Kh8 23. g3 Re8 24. Nb4 Bc4 25. Qc2 h5 26. h4 Kg8 27. Rd1 Be6
28. Qd2 Qa4 29. Nc6 Qb3 30. Be2 Qxb2 31. Nxa7 Qxa3 32. Nxb5 Qa2 33. Nc7 Rc8 34.
Nxe6 Qxe6 35. Qd7 Qxd7 36. Rxd7 Rc1+ 37. Bd1 Be5 38. f4 Bb2 39. Kg2 Rc8 40. Bb3
Rf8 41. e5 Bc3 42. Kf3 Ba5 43. Rb7 Bc3 44. Bd5 Ba5 45. Ra7 Bb4 46. Ke4 Be1 47.
Ra1 Bf2 48. Kf3 Bd4 49. Ra4 Bc3 50. g4 hxg4+ 51. Kxg4 Rd8 52. Ba2 Bd4 53. h5
gxh5+ 54. Kxh5 Kg7 55. Kg4 Bb6 56. Rb4 Rb8 57. f5 Ba7 58. f6+ Kg8 59. Ra4 Bb6
60. Kf5 Bc5 61. Rg4+ Kf8 62. Rh4 Ke8 63. Rh8+ Bf8 64. Bd5 Rc8 65. Rg8 Rc5 66.
Bb3 Ra5 67. Rh8 Ra3 68. Bd5 Rc3 69. Bxf7+ Kxf7 70. e6+ Ke8 71. e7 Rf3+ 72. Kg5
Rg3+ 73. Kf4 1-0

[Event "French Top 12 2013"]
[Site "Haguenau FRA"]
[Date "2013.05.30"]
[Round "1.1"]
[White "Swiercz, Dariusz"]
[Black "Delchev, Aleksander"]
[Result "1-0"]
[WhiteTitle "GM"]
[BlackTitle "GM"]
[WhiteElo "2631"]
[BlackElo "2622"]
[WhiteTeam "C.E. de Rueil Malmaison"]
[BlackTeam "Marseille Echecs"]
[WhiteFideId "1126881"]
[BlackFideId "2900394"]
[EventDate "2013.05.30"]

1. d4 d5 2. c4 dxc4 3. Nf3 Nf6 4. e3 Bg4 5. Bxc4 e6 6. Nc3 Nbd7 7. O-O Bd6 8. h3
Bxf3 9. Qxf3 c6 10. Rd1 O-O 11. e4 e5 12. d5 Qe7 13. Bg5 h6 14. Bh4 g5 15. Bg3
c5 16. a4 a6 17. h4 Ne8 18. Qh5 Kg7 19. hxg5 hxg5 20. Rd3 Rh8 21. Qg4 Kf8 22.
Rf3 Ng7 23. Bh2 Rh4 24. Rh3 f5 25. Qe2 Rxh3 26. gxh3 f4 27. Qg4 Kf7 28. Kh1 Rh8
29. Rg1 Rh4 30. Qxg5 Qxg5 31. Rxg5 Rxh3 32. Rg1 Nf6 33. Kg2 Rh8 34. f3 Nge8 35.
Rc1 Ke7 36. Bg1 Nd7 37. a5 Bc7 38. Ra1 Nd6 39. Be2 c4 40. Nb1 Rc8 41. Bf2 Bd8
42. Nc3 Kf7 43. Ra3 Nc5 44. Na4 Nxa4 45. Rxa4 c3 46. bxc3 Rxc3 47. Ra1 Kg6 48.
Be1 Rb3 49. Rc1 Kf7 50. Bc3 Kf6 51. Kf1 Nb5 52. Be1 Ke7 53. Bd1 Rb2 54. Ba4 Ra2
55. Bxb5 axb5 56. Rb1 Bxa5 57. Rxb5 b6 58. Bh4+ Kd7 59. Bf6 Bc3 60. Rxb6 Bd4 61.
Rb7+ Kc8 62. Rf7 Rf2+ 63. Ke1 Rxf3 64. d6 Bc3+ 65. Kd1 Rd3+ 66. Kc2 Rxd6 67.
Kxc3 Rd4 68. Rf8+ Kb7 69. Rb8+ Kc6 70. Rb4 Rxb4 71. Kxb4 Kd6 72. Kc4 Ke6 73. Bh4 1-0

[Event "French Top 12 2013"]
[Site "Haguenau FRA"]
[Date "2013.05.30"]
[Round "1.3"]
[White "Williams, Simon K"]
[Black "Istratescu, Andrei"]
[Result "1/2-1/2"]
[WhiteTitle "GM"]
[BlackTitle "GM"]
[WhiteElo "2511"]
[BlackElo "2651"]
[WhiteTeam "C.E. de Rueil Malmaison"]
[BlackTeam "Marseille Echecs"]
[WhiteFideId "404454"]
[BlackFideId "1200372"]
[EventDate "2013.05.30"]

1. d4 e6 2. c4 Bb4+ 3. Bd2 a5 4. Nf3 Nf6 5. g3 b6 6. Bg2 Bb7 7. O-O Bxd2 8.
Nbxd2 d6 9. Qc2 Nbd7 10. e4 e5 11. d5 O-O 12. Nb1 c6 13. dxc6 Bxc6 14. Nc3 Nc5
15. Rfe1 Qb8 16. Rad1 Rd8 17. Nh4 g6 18. Qc1 Qc7 19. Nf5 Ne6 20. Qh6 Ne8 21. Ne3
Nf6 22. f4 exf4 23. gxf4 Kh8 24. f5 Ng7 25. Qg5 Ngh5 26. fxg6 Rg8 27. Ncd5 Bxd5
28. Nxd5 Qc5+ 29. Qe3 Rxg6 30. Qxc5 dxc5 31. Rd2 Re8 32. Rf1 Nxe4 33. Re2 Nd6
34. Rxe8+ Nxe8 35. Rxf7 Nd6 36. Rf8+ Kg7 37. Rb8 Nxc4 38. Rb7+ Kh6 39. b3 Nd2
40. Rxb6 c4 41. bxc4 Nxc4 42. Rb3 Nf6 43. Ne3 Nxe3 44. Rxe3 Nd5 45. Re4 Nc3 46.
Re3 1/2-1/2

[Event "French Top 12 2013"]
[Site "Haguenau FRA"]
[Date "2013.05.30"]
[Round "1.5"]
[White "Baron, Tal"]
[Black "Miton, Kamil"]
[Result "0-1"]
[WhiteTitle "GM"]
[BlackTitle "GM"]
[WhiteElo "2467"]
[BlackElo "2624"]
[WhiteTeam "C.E. de Rueil Malmaison"]
[BlackTeam "Marseille Echecs"]
[WhiteFideId "2809958"]
[BlackFideId "1111914"]
[EventDate "2013.05.30"]

1. e4 e6 2. d4 d5 3. Nc3 Bb4 4. e5 Ne7 5. a3 Bxc3+ 6. bxc3 c5 7. Qg4 O-O 8. Bd3
f5 9. exf6 Rxf6 10. Bg5 Rf7 11. Qh5 g6 12. Qd1 Qa5 13. Bd2 Nd7 14. Nf3 c4 15.
Be2 Nc6 16. O-O Nf6 17. Ng5 Re7 18. f4 Bd7 19. Bf3 Rf8 20. a4 Nd8 21. Qe1 Rg7
22. Qh4 Nc6 23. Rf2 Ne7 24. Re2 Nf5 25. Qe1 Re8 26. g4 Nd6 27. Qh4 Qd8 28. Qe1
Rge7 29. Bc1 h6 30. Ba3 Qc7 31. Nh3 Rh7 32. Nf2 Nf7 33. Qd2 g5 34. Bc1 Rg7 35.
Kg2 Bc6 36. fxg5 hxg5 37. Kg1 e5 38. Bg2 e4 39. h3 Nd8 40. Nd1 Ne6 41. Rf2 Nf4
42. Rxf4 e3 43. Nxe3 Qxf4 44. Nf5 Qxd2 45. Bxd2 Rg6 46. a5 Ne4 47. Be1 Kh7 48.
a6 b6 49. Bxe4 Rxe4 50. Bg3 Bd7 51. Nd6 Re3 52. Be5 Rxh3 53. Rf1 Kg8 54. Kg2 Rh4
55. Rf7 Rxd6 56. Re7 Rhh6 0-1

[Event "French Top 12 2013"]
[Site "Haguenau FRA"]
[Date "2013.05.30"]
[Round "1.6"]
[White "Goldsztejn, Gildas"]
[Black "Dubessay, Bastien"]
[Result "1-0"]
[WhiteTitle "IM"]
[BlackTitle "FM"]
[WhiteElo "2402"]
[BlackElo "2378"]
[WhiteTeam "Marseille Echecs"]
[BlackTeam "C.E. de Rueil Malmaison"]
[WhiteFideId "612375"]
[BlackFideId "650048"]
[EventDate "2013.05.30"]

1. e4 c5 2. Nf3 d6 3. d4 cxd4 4. Nxd4 Nf6 5. Nc3 a6 6. Bg5 Nbd7 7. Qe2 e6 8.
O-O-O Be7 9. f4 Qc7 10. g4 O-O 11. Bg2 Rb8 12. h4 Re8 13. Rhe1 Nb6 14. e5 dxe5
15. fxe5 Nfd7 16. Bf4 Nc4 17. Nc6 bxc6 18. Qxc4 Rb4 19. Qf1 Qb6 20. b3 Qa5 21.
Bd2 Rd4 22. Qf2 Rxg4 23. Bxc6 Bxh4 24. Qf3 Bxe1 25. Rxe1 Rd4 26. Qf2 Qc5 27.
Bxd7 Bxd7 28. Be3 Qa3+ 29. Kb1 Rg4 30. Rf1 f5 31. exf6 gxf6 32. Ne4 Rxe4 33.
Qg2+ Kh8 34. Qxe4 Qe7 35. Qh4 Rf8 36. Bh6 Rf7 37. Rg1 Qe8 38. Qg3 1-0

[Event "French Top 12 2013"]
[Site "Haguenau FRA"]
[Date "2013.05.30"]
[Round "1.7"]
[White "Debray, Christopher"]
[Black "Collas, Didier"]
[Result "1/2-1/2"]
[WhiteTitle "IM"]
[BlackTitle "IM"]
[WhiteElo "2356"]
[BlackElo "2394"]
[WhiteTeam "C.E. de Rueil Malmaison"]
[BlackTeam "Marseille Echecs"]
[WhiteFideId "630810"]
[BlackFideId "602680"]
[EventDate "2013.05.30"]

1. d4 d5 2. c4 c6 3. Nf3 Nf6 4. e3 e6 5. Nbd2 c5 6. dxc5 Bxc5 7. a3 O-O 8. Bd3
a5 9. b3 Nc6 10. Bb2 b6 11. O-O Bb7 12. Qe2 d4 13. b4 axb4 14. axb4 Nxb4 15.
exd4 Nxd3 16. Qxd3 Bd6 17. Ba3 Bxa3 18. Rxa3 Rxa3 19. Qxa3 Ne4 20. Qb2 Nxd2 21.
Nxd2 Qg5 22. g3 Ba8 23. Re1 Rb8 24. Re5 Qd8 25. f3 Bc6 26. Kf2 Qd7 27. Nf1 f6
28. Re3 1/2-1/2

[Event "French Top 12 2013"]
[Site "Haguenau FRA"]
[Date "2013.05.30"]
[Round "1.8"]
[White "Malassagne, Isabelle"]
[Black "Congiu, Mathilde"]
[Result "0-1"]
[BlackTitle "WIM"]
[WhiteElo "1985"]
[BlackElo "2230"]
[WhiteTeam "Marseille Echecs"]
[BlackTeam "C.E. de Rueil Malmaison"]
[WhiteFideId "20670265"]
[BlackFideId "634581"]
[EventDate "2013.05.30"]

1. d4 Nf6 2. c4 g6 3. Nc3 Bg7 4. e4 d6 5. Nf3 O-O 6. Be2 e5 7. O-O Nc6 8. d5 Ne7
9. b4 Nh5 10. g3 f5 11. Ng5 Nf6 12. f3 h6 13. Ne6 Bxe6 14. dxe6 c6 15. b5 Ne8
16. bxc6 bxc6 17. Rb1 Qc8 18. Be3 c5 19. Qa4 Rf6 20. Qd7 Rxe6 21. Rb7 Nf6 22.
Qxc8+ Nxc8 23. Nb5 Ne8 24. exf5 gxf5 25. Rb1 Re7 26. Nc3 Rxb7 27. Rxb7 Nf6 28.
Bf1 e4 29. fxe4 fxe4 30. Bh3 Nb6 31. Nb5 d5 32. Nc7 Nxc4 33. Nxa8 Nxe3 34. Be6+
Kh7 35. Nc7 d4 36. Rb1 d3 37. Kf2 Nfg4+ 38. Bxg4 Nxg4+ 39. Kg2 d2 40. h3 d1=Q 0-1

[Event "French Top 12 2013"]
[Site "Haguenau FRA"]
[Date "2013.05.30"]
[Round "1.1"]
[White "Rapport, Richard"]
[Black "Apicella, Manuel"]
[Result "1-0"]
[WhiteTitle "GM"]
[BlackTitle "GM"]
[WhiteElo "2674"]
[BlackElo "2532"]
[WhiteTeam "Clichy-Echecs-92"]
[BlackTeam "Grasse Echecs"]
[WhiteFideId "738590"]
[BlackFideId "600164"]
[EventDate "2013.05.30"]

1. e4 e6 2. d4 d5 3. e5 c5 4. c3 Nc6 5. Nf3 Qb6 6. a3 c4 7. Nbd2 Na5 8. Be2 Bd7
9. Rb1 Ne7 10. b4 cxb3 11. Nxb3 Ba4 12. Nxa5 Bxd1 13. Rxb6 axb6 14. Bb5+ Kd8 15.
Nxb7+ Kc7 16. Kxd1 Kxb7 17. Ng5 Nc6 18. Nxf7 Rg8 19. a4 h6 20. f4 Be7 21. f5
exf5 22. Rf1 Nd8 23. Nd6+ Bxd6 24. exd6 Rf8 25. Re1 Nc6 26. c4 Rf7 27. cxd5 Nxd4
28. Be8 Rxe8 29. Rxe8 Rd7 30. Re7 Kc8 31. Rxd7 Kxd7 32. Be3 Nb3 33. Bxb6 Kxd6
34. a5 Nxa5 35. Bxa5 Kxd5 36. Bc3 g5 37. Bg7 h5 38. Bh6 g4 39. h4 gxh3 40. gxh3
Ke4 41. Ke2 1-0

[Event "French Top 12 2013"]
[Site "Haguenau FRA"]
[Date "2013.05.30"]
[Round "1.3"]
[White "Fressinet, Laurent"]
[Black "Llanes Hurtado, Miguel"]
[Result "1/2-1/2"]
[WhiteTitle "GM"]
[BlackTitle "GM"]
[WhiteElo "2693"]
[BlackElo "2469"]
[WhiteTeam "Clichy-Echecs-92"]
[BlackTeam "Grasse Echecs"]
[WhiteFideId "608742"]
[BlackFideId "2206706"]
[EventDate "2013.05.30"]

1. d4 Nf6 2. Nf3 d5 3. c4 e6 4. Nc3 c5 5. e3 dxc4 6. Bxc4 a6 7. O-O b5 8. Be2
Bb7 9. dxc5 Qxd1 10. Rxd1 Bxc5 11. Nd2 Nc6 12. Nce4 Be7 13. Nxf6+ gxf6 14. a4
bxa4 15. Nc4 Nb4 16. Rxa4 Bc6 17. Ra1 O-O 18. Nb6 Ra7 19. Bd2 Rb8 20. Nc4 Bb5
21. Bf1 Rd7 22. Bc3 Rbd8 23. Rxd7 Rxd7 24. Nb6 Rb7 25. Bxb5 axb5 26. Nc8 Nd5 27.
Bd4 e5 28. Nxe7+ Rxe7 29. Bc5 Rc7 30. b4 Nc3 31. Ra8+ Kg7 32. f3 Rd7 33. h4 h5
34. Rb8 Rd2 35. Kh2 Rd3 36. e4 Rd2 37. Be7 Rd7 38. Bf8+ Kg6 39. Rb6 Ne2 40. Bc5
Nd4 41. Kg1 Ne2+ 42. Kf1 Nc3 43. Rc6 Kg7 44. Bd6 Na4 45. Bc5 Rd1+ 46. Kf2 Rd2+
47. Kg1 Rd7 48. Kh2 Nc3 49. Rb6 Rc7 50. Bf2 Nd1 51. Kg3 Nc3 52. Bc5 Rd7 53. Kh2
Rc7 54. Rd6 Rc8 55. Ra6 Rc7 56. Kh3 Rd7 57. Bd6 Ne2 58. g4 hxg4+ 59. Kxg4 Nf4
60. h5 Ne6 61. Rb6 Rd8 62. Bc5 Rd2 63. f4 exf4 64. Rxb5 Rg2+ 65. Kf3 Rg3+ 66.
Ke2 Ng5 67. Bd4 f3+ 1/2-1/2

[Event "French Top 12 2013"]
[Site "Haguenau FRA"]
[Date "2013.05.30"]
[Round "1.5"]
[White "Tregubov, Pavel V."]
[Black "Nanu, Costica-Ciprian"]
[Result "1-0"]
[WhiteTitle "GM"]
[BlackTitle "GM"]
[WhiteElo "2611"]
[BlackElo "2519"]
[WhiteTeam "Clichy-Echecs-92"]
[BlackTeam "Grasse Echecs"]
[WhiteFideId "4115341"]
[BlackFideId "1204580"]
[EventDate "2013.05.30"]

1. d4 d5 2. c4 dxc4 3. e3 Nf6 4. Bxc4 e6 5. Nf3 a6 6. O-O Nbd7 7. Re1 b5 8. Bd3
c5 9. a4 b4 10. e4 cxd4 11. e5 Nd5 12. Bg5 Be7 13. Bxe7 Qxe7 14. Nbd2 Bb7 15.
Nc4 O-O 16. Rc1 Nf4 17. Be4 Nc5 18. Bxb7 Qxb7 19. Nd6 Qa7 20. Nxd4 Ncd3 21. Re4
f5 22. Rxf4 Nxf4 23. Nc6 Qd7 24. a5 Nd5 25. Rc4 f4 26. h3 Kh8 27. Qc2 Ne7 28.
Nxb4 Ra7 29. Nd3 Ng6 30. Rc6 Ne7 31. Rc4 Ng6 32. Qc3 f3 33. g3 h6 34. Kh2 Raa8
35. h4 Ra7 36. h5 Ne7 37. Nc5 1-0

[Event "French Top 12 2013"]
[Site "Haguenau FRA"]
[Date "2013.05.30"]
[Round "1.6"]
[White "Battaglini, Gabriel"]
[Black "Pelletier, Yannick"]
[Result "1/2-1/2"]
[WhiteTitle "IM"]
[BlackTitle "GM"]
[WhiteElo "2437"]
[BlackElo "2599"]
[WhiteTeam "Grasse Echecs"]
[BlackTeam "Clichy-Echecs-92"]
[WhiteFideId "621650"]
[BlackFideId "1301837"]
[EventDate "2013.05.30"]

1. d4 e6 2. c4 f5 3. Nf3 Nf6 4. g3 d5 5. Bg2 c6 6. O-O Bd6 7. b3 Qe7 8. Bf4 Bxf4
9. gxf4 Nbd7 10. Qc1 Ne4 11. Nbd2 O-O 12. Rb1 b6 13. b4 Bb7 14. c5 Rfb8 15. Nxe4
fxe4 16. Ne5 Nxe5 17. fxe5 Ba6 18. Qd2 Bc4 19. f3 exf3 20. Bxf3 Qh4 21. Rbc1 b5
22. a4 Rf8 23. axb5 Bxb5 24. Bg2 h6 25. Qe3 Rxf1+ 1/2-1/2

[Event "French Top 12 2013"]
[Site "Haguenau FRA"]
[Date "2013.05.30"]
[Round "1.8"]
[White "Draillard, Margot"]
[Black "Skripchenko, Almira"]
[Result "0-1"]
[BlackTitle "IM"]
[WhiteElo "1853"]
[BlackElo "2430"]
[WhiteTeam "Grasse Echecs"]
[BlackTeam "Clichy-Echecs-92"]
[WhiteFideId "699330"]
[BlackFideId "13900145"]
[EventDate "2013.05.30"]

1. c4 g6 2. g3 Bg7 3. Bg2 e5 4. Nc3 Nc6 5. Nf3 Nge7 6. O-O d6 7. d3 O-O 8. Rb1
a5 9. a3 f5 10. Bd2 h6 11. b4 axb4 12. axb4 g5 13. b5 Nb8 14. Ne1 Nd7 15. Nc2
Nc5 16. Nb4 f4 17. Nbd5 Nf5 18. Ne4 Ne6 19. g4 Nh4 20. f3 Nd4 21. Bc3 Ng6 22.
Bxd4 exd4 23. Qc2 Ne7 24. Nxe7+ Qxe7 25. Ra1 Rb8 26. Rfe1 Be6 27. Nd2 Be5 28. h3
Kg7 29. Kf2 Rfe8 30. Rh1 c6 31. Rab1 Rbc8 32. Qa4 Ra8 33. Qc2 Bf7 34. Rb2 Bf6
35. Re1 Qe3+ 36. Kf1 d5 37. bxc6 bxc6 38. cxd5 cxd5 39. Rb7 Rac8 40. Qa2 Qe6 41.
Nb3 Rc3 42. Rc1 Rec8 43. Re1 Re8 44. Rb4 Qe3 45. Qa7 Re7 46. Qb6 Rxd3 47. Qa6
Rxb3 0-1

[Event "French Top 12 2013"]
[Site "Haguenau FRA"]
[Date "2013.05.31"]
[Round "2.3"]
[White "Istratescu, Andrei"]
[Black "Fressinet, Laurent"]
[Result "1/2-1/2"]
[WhiteTitle "GM"]
[BlackTitle "GM"]
[WhiteElo "2651"]
[BlackElo "2693"]
[WhiteTeam "Marseille Echecs"]
[BlackTeam "Clichy-Echecs-92"]
[WhiteFideId "1200372"]
[BlackFideId "608742"]
[EventDate "2013.05.30"]

1. e4 e5 2. Nf3 Nc6 3. Nc3 Nf6 4. Bb5 Nd4 5. Nxd4 exd4 6. e5 dxc3 7. exf6 Qxf6
8. dxc3 Qe5+ 9. Qe2 Qxe2+ 10. Kxe2 c6 11. Bd3 d5 12. Bf4 Be6 13. Rhe1 Kd7 14.
Rad1 Bd6 1/2-1/2